| 000 | 00332nam a22001097a 4500 | ||
|---|---|---|---|
| 008 | 230605b xxu||||| |||| 00| 0 eng d | ||
| 082 |
_a328.3653 _bCLE |
||
| 245 |
_aThe Directorate of Legislative and Procedural Services _bProcedural Manual |
||
| 260 |
_aNairobi, Kenya _bThe Clerk's Chamber _cMarch,2009 |
||
| 300 | _a24p | ||
| 942 |
_2ddc _cBK |
||
| 999 |
_c263 _d263 |
||